LEADER 01776nam a2200289 i 4500 001 000000012928 003 CaOOAMICUS 005 20250128084550.0 008 180830s1707 it u000 u lat u 040 $aSeMil$bita 100 1 $aBonacina, Martino,$c.$0(OLS)http://semarc/name/6147 245 10$aMartini Bonacinae mediolanensis, ... Opera omnia in tres tomos distributa, quorum priores duo nonnullis tractatibus, .. 250 $aHac nouissima editio à multis mendis expurgata continet omnes additiones, ... 260 $aMediolani :$bEx Typographia Caroli Iosephi Quinti ad Plateam Mercatorum,$c1707. 300 $a3 v. ;$cfol. 500 $aCors. ; rom. 500 $aVignetta xilogr. sui front. 500 $aFregi, iniz. xilogr. 500 $aTesto su due colonne 650 4$aTeologia morale.$0(OLS)http://semarc/subject/91 700 1 $aQuinto, Carlo Giuseppe,$c.$0(OLS)http://semarc/name/6148 774 0 $aBonacina, Martino $t1.$g1$w()50435 774 0 $aBonacina, Martino $tCensuris omnibus ecclesiasticis in particulari, in quo non solum de censuris in Bulla Coenae, a S.D.N. Papa Vrbano 8. editis, verum etiam de varijs Gregorij 15. & Vrbani 8. necnon de alijs omnibus excommunicationibus, suspensionibus, & ..$g3$w()218015 774 0 $aBonacina, Martino $tTomus secundus in quo de legibus, de que decalogi, et ecclesiae praeceptis, ..$g2$w()218016 996 $6245$aMartini Bonacinae mediolanensis, ... Opera omnia in tres tomos distributa, quorum priores duo nonnullis tractatibus, ..$9(OLS)http://semarc/title/17212 996 $6260$aMediolani :$bEx Typographia Caroli Iosephi Quinti ad Plateam Mercatorum$9(OLS)http://semarc/publisher/33570 LEADER 00914nam a2200241 i 4500 001 000000073374 003 CaOOAMICUS 005 20090809000000.0 008 090809s1999 fr u000 u fre u 013 $a44546 020 $a2-220-04581-1 040 $aSeMil$bita 100 1 $aBreton, Stanislas .$0(OLS)http://semarc/name/16213 245 12$aL'avenir du christianisme /$cStanislas Breton. 260 $aParis :$bDesclée de Brouwer,$c1999. 300 $a248 p. ;$c21 cm. 650 4$aCristianesimo.$0(OLS)http://semarc/subject/425 850 $aSeMil 852 $aSeMil$W1$xVenegono$y1$m2B I 521$j39526$B39526$CSeMilBibl$Z2$F39530 $81 961 $aOmaggio: Donazione 996 $6020$a2-220-04581-1$9(OLS)http://semarc/number/52836 996 $6245$aL'avenir du christianisme$9(OLS)http://semarc/title/1950 996 $6260$aParis :$bDesclée de Brouwer$9(OLS)http://semarc/publisher/30132